Learning From Las Vegas : The Forgotten Symbolism Of Architectural Form (Record no. 15230)
[ view plain ]
| 000 -LEADER | |
|---|---|
| fixed length control field | 00492nam a2200169Ia 4500 |
| 008 - FIXED-LENGTH DATA ELEMENTS--GENERAL INFORMATION | |
| fixed length control field | 220803s9999 xx 000 0 und d |
| 020 ## - INTERNATIONAL STANDARD BOOK NUMBER | |
| International Standard Book Number | 978-0-262-72006-9 |
| 041 ## - LANGUAGE CODE | |
| Language code of text/sound track or separate title | eng |
| 082 ## - DEWEY DECIMAL CLASSIFICATION NUMBER | |
| Classification number | 722 VEN/BRO |
| 100 ## - MAIN ENTRY--PERSONAL NAME | |
| Personal name | Venturi R |
| 9 (RLIN) | 23989 |
| 245 ## - TITLE STATEMENT | |
| Title | Learning From Las Vegas : The Forgotten Symbolism Of Architectural Form |
| 260 ## - PUBLICATION, DISTRIBUTION, ETC. (IMPRINT) | |
| Place of publication, distribution, etc. | Cambridge |
| Name of publisher, distributor, etc. | MIT Press |
| Date of publication, distribution, etc. | 1977 |
| 300 ## - PHYSICAL DESCRIPTION | |
| Extent | 192p |
| 500 ## - GENERAL NOTE | |
| Keywords | Architecture |
| 650 ## - SUBJECT ADDED ENTRY--TOPICAL TERM | |
| Topical term or geographic name as entry element | Architectural History |
| 9 (RLIN) | 23990 |
| 700 ## - ADDED ENTRY--PERSONAL NAME | |
| Personal name | Brown D S Izenour S |
| 9 (RLIN) | 23991 |
| Withdrawn status | Lost status | Damaged status | Not for loan | Collection code | Home library | Current library | Shelving location | Date acquired | Vendor | Cost, normal purchase price | Full call number | Barcode | Date last seen | Cost, replacement price | Bill Date | Koha item type | Original Barcode | Total Checkouts |
|---|---|---|---|---|---|---|---|---|---|---|---|---|---|---|---|---|---|---|
| Reference | Book of B Arch | Dr. Bhanuben Nanavati College of Architecture | Dr. Bhanuben Nanavati College of Architecture | 08/08/2013 | Word Book Shop | 1357.00 | 720.93 VEN/BRO | BNCA-BK-8464 | 03/08/2022 | 25.95 | 30/07/2013 | Books | B008464 | |||||
| Dr. Bhanuben Nanavati College of Architecture | Dr. Bhanuben Nanavati College of Architecture | 08/08/2013 | Word Book Shop | 1356.93 | 720.93 VEN/BRO | BNCA-BK-8465 | 03/08/2022 | 25.95 | 30/07/2013 | Books | B008465 | |||||||
| Dr. Bhanuben Nanavati College of Architecture | Dr. Bhanuben Nanavati College of Architecture | 08/08/2013 | Word Book Shop | 1357.00 | 720.93 VEN/BRO | BNCA-BK-8466 | 03/08/2022 | 25.95 | 30/07/2013 | Books | B008466 |